Model-based systems engineering with OPM and SysML
Guardado en:
| Autor principal: | |
|---|---|
| Formato: | Libro |
| Lenguaje: | inglés |
| Publicado: |
Nueva York
Springer
2016
|
| Edición: | 1a. ed |
| Materias: | |
| Etiquetas: |
Agregar Etiqueta
Sin Etiquetas, Sea el primero en etiquetar este registro!
|
MARC
| LEADER | 00000cam a2200000 a 4500 | ||
|---|---|---|---|
| 001 | UCC6582 | ||
| 003 | CL-VaPUC | ||
| 008 | 181220e20160000us |||||||||||||||||eng|d | ||
| 020 | |a 9781493932948 | ||
| 082 | 0 | 4 | |a 005.12 |b DOR |2 21 |
| 100 | 0 | |a Dori, Dov |e author |9 601076 | |
| 245 | 1 | 0 | |a Model-based systems engineering with OPM and SysML |
| 250 | |a 1a. ed | ||
| 300 | |a 411 p | ||
| 942 | |c BK | ||
| 945 | |d 20181220 17:39:00 |a dcastane | ||
| 260 | |a Nueva York |b Springer |c 2016 | ||
| 650 | 0 | |a Ingeniería de sistemas |9 261019 | |
| 583 | |a last modification |c 20181220 17:39:00 |k Rodrigo Vera | ||
| 999 | |c 373521 |d 373519 | ||
| 952 | |0 0 |1 0 |3 erd |4 0 |6 005_120000000000000_DOR_2016 |7 0 |8 A |9 491648 |a BIBING |b BIBING |i 5523648 |o 005.12 DOR 2016 |p 5523648 |r 2025-01-20 |w 2019-11-24 |y BK |z Catalogado en:20181220 |k EII | ||